[Event "Bundesliga 0809"]
[Site "Germany"]
[Date "2009.03.28"]
[Round "14.1"]
[White "Maiwald, Jens Uwe"]
[Black "Postny, Evgeny"]
[Result "0-1"]
[WhiteElo "2508"]
[BlackElo "2674"]
[Annotator "Postny,E"]
[PlyCount "62"]
[EventDate "2008.10.03"]
[EventType "team-tourn"]
[EventRounds "15"]
[EventCountry "GER"]
[SourceTitle "CBM 130"]
[Source "ChessBase"]
[SourceDate "2009.05.20"]
[SourceVersion "1"]
[SourceVersionDate "2009.05.20"]
[SourceQuality "1"]
[WhiteTeam "Dresden"]
[BlackTeam "Katernberg"]
[WhiteTeamCountry "GER"]
[BlackTeamCountry "GER"]

{The match versus the team from Dresden went surprisingly easily for my team
SF Katernberg and ended in a score 7.5-0.5. The encounter below took place on
1st board.} 1. g3 d5 2. Bg2 c6 3. Nf3 Bg4 4. O-O Nd7 5. d3 e6 {I delayed the
natural developing move 5...Ngf6 in order to place the knight on e7. It's just
a matter of taste.} 6. Nbd2 Bd6 7. e4 Ne7 8. Qe1 {Moving the queen away out of
the diagonal pin.} O-O 9. Kh1 {This move is usually useful, as White is going
to move away his knight and push forward the f-pawn.} (9. h3 Bh5 10. Nh4 Ng6
11. Nxg6 Bxg6 12. f4 f5 (12... f6 $5 $11 {[%cal Gg6f7]}) 13. Nf3 Qb6+ 14. Kh2
Rae8 15. e5 Be7 16. a4 a6 17. a5 Qc7 18. Nd4 Bf7 19. c4 $14 {1/2-1/2
Nalbandian,T (2508)-Kharlov,A (2628)/Warsaw 2005/CBM 108 (60)}) (9. e5 $6 {
This push is not dangerous for Black as this pawn will be targeted soon. For
instance:} Bc7 10. h3 Bh5 11. g4 Bg6 12. Qe2 c5 {[%csl Re5][%cal Ge7c6]}) 9...
Bc7 {A good prophylactic move. Now the advance e4-e5 will not attack the
bishop; as well as as that, after a potential exchange on e4 White's knight
will appear on e4 without winning a tempo.} 10. Nh4 (10. Ng1 e5 11. f4 $6 {
Very risky.} exf4 12. gxf4 dxe4 13. dxe4 Ng6 14. Qg3 Be6 15. Ne2 Nf6 $17 {
Appel,R (2512)-Van der Wiel,J (2509)/Essen 2002/CBM 090}) 10... dxe4 (10... e5
{was a good alternative as in the above-mentioned game Appel-Van der Wiel.
Black has comfortable equality.}) 11. Nxe4 {Normally White tries to recapture
with the pawn in order to keep some attacking potential on the queenside. In
any case the position is equal.} (11. dxe4 f6 {preparing the route for the
light-squared bishop.} 12. Nb3 Bb6 13. Be3 Bxe3 14. Qxe3 Qb6 $11) 11... Nf5 12.
Nf3 {[%cal Gh2h3]} (12. Nxf5 $2 exf5 13. Nc3 Re8 14. Be3 f4 15. gxf4 Bxf4 $15)
12... Bh5 13. Bg5 $6 {This is strange, because I was intending to play f7-f6
followed by Bh5-f7 and e6-e5 anyway.} f6 14. Be3 $6 {Another surprise. To my
mind this move should not be considered at all. Perhaps, a bit harsh, but I
just can't understand why one should allow the opponent a pair of bishops in
an open position.} ({After} 14. Bd2 {the position would remain equal, though I
would prefer to sit on the black side.}) 14... Nxe3 15. fxe3 $6 {This
recapture weakens White's position. The Pe3 might become a target in future.
In case it will move to e4, the dark squares in White's camp will become
vulnerable, since Black's dark-squared bishop has no counterpart. No doubt,
the recapture by the queen would have been safer.} f5 16. Neg5 Qe7 17. Qc3 Kh8
$6 (17... h6 18. Nh3 g5 {was called for, but I didn't want to expose my king
yet.}) (17... Rae8 {was perhaps the most healthy and precise move, simply
bringing the last reserves into play.}) 18. Qb3 Nc5 19. Qc4 $6 (19. Qb4 $1 {
[%cal Gd3d4]} a5 20. Qh4 {could confuse me.} {Now I had to find} g6 $1 {
which seems unnnatural as the Bh5 looks awkward.} 21. Nh3 Qxh4 22. Nxh4 e5 $15)
19... h6 20. d4 {This does not solve White's problems, but the alternative
wasn't any better.} (20. Nh3 Bf7 $17 {[%cal Ge6e5]}) 20... hxg5 21. Qxc5 Qxc5
22. dxc5 g4 23. Nd4 Bf7 24. b4 g6 {Black has a huge advantage thanks to much
better pawn structure and pair of excellent bishops. From now on it is
diffcult to point out where my opponent could resist more stubbornly, the
endgame is just gruesome for White.} 25. a4 ({The piece sacrifice does not
help:} 25. b5 e5 26. bxc6 exd4 27. cxb7 Rad8 {White's passed pawns are
securely blocked, Black is winning.}) 25... e5 26. Nb3 Rad8 27. Rfd1 (27. e4 f4
{is not an improvement for White. The passed f-pawn is powerful.}) 27... Bxb3
$1 {The right moment to exchange my active bishop for a passive knight.} 28.
cxb3 e4 $19 {[%csl Re3,Rg2] Fixing the Pe3 which will be captured soon.} 29.
Kg1 Be5 30. Rab1 Bc3 31. b5 Bd2 {Here I would like to thank my opponent who
decided to save our efforts and resigned. The position is objectively lost.} (
31... Bd2 32. Kf2 Rd3 $19 {[%csl Re3]}) 0-1

[Event "Moscow Aeroflot op"]
[Site "Moscow"]
[Date "2002.02.06"]
[Round "3"]
[White "Kovalev, Andrei"]
[Black "Postny, Evgeny"]
[Result "1/2-1/2"]
[WhiteElo "2575"]
[BlackElo "2491"]
[Annotator "Postny,E"]
[PlyCount "95"]
[EventDate "2002.02.04"]
[EventType "swiss"]
[EventRounds "9"]
[EventCountry "RUS"]
[SourceTitle "CBM 088"]
[Source "ChessBase"]
[SourceDate "2002.03.21"]
[SourceVersion "1"]
[SourceVersionDate "2002.03.21"]
[SourceQuality "1"]

1. Nf3 d5 2. g3 Bg4 3. Bg2 Nd7 4. d3 e6 {Perhaps a bit more precise moves
order starts with 4...Ngf6.} 5. e4 Ngf6 6. Nbd2 dxe4 7. dxe4 Bc5 8. O-O O-O 9.
h3 Bh5 10. Qe1 e5 {Usually this position arises with black's turn to move (in
case of black's 4...e5 instead of 4...e6 for instanse). In this case black can
continue Ne8, then f6 and Bf7 with equal game. However in this kind of closed
position the loss of tempo does not make any drastic difference, nevertheless
I wasn't quite satisfied with the results of the opening...} 11. Nc4 $146 (11.
Nh4 Re8 12. Kh2 c6 13. a4 a5 14. Nc4 Qc7 15. Bd2 b6 16. Bc3 Rad8 $11 {0-1
Tseitlin,M-Ivanov,S/St Petersburg 1999/CBM 72 (63)}) 11... Bxf3 12. Bxf3 Ne8 $6
{[%cal Ye8d6] This time it is a wrong manoeuvre.} ({Simplier and better was} 
12... Qe7 {keeping slightly worse, but reasonable position.}) 13. b4 Bd4 {
Before retreating to b6 it's useful for black to close the diagonal a1-h8.} 14.
c3 Bb6 15. Qe2 Qe7 16. Rd1 {Black can not manage to complete the N transfer to
d6, since it will create a weak pawn in black's camp.} Nef6 {Now it's clear,
that 12...Ne8 was serious waste of time, but there is no better alternative -
the N can not remain on e8 and disconnect the RR.} 17. Ne3 $6 ({During the
game I was concerned about} 17. a4 {[%csl Rb6] with strong pressure on the
queenside.}) 17... Bxe3 $1 {This dangerous N should be removed.} 18. Bxe3 Qe6 {
[%csl Yc4,Rh3][%cal Yd7b6,Yb6c4]} 19. g4 $1 {[%cal Gg4g5,Gf3g4]} h6 20. h4 $1 {
Logical continuation of the previous move.Black's NN are lack of "strongholds".
If white's BB will get enough space, black can find himself in real trouble.}
Rfd8 $6 {This move allows white to develope strong initiative.} ({Black should
bild his play around the c4 square:} 20... Nb6 21. g5 hxg5 22. hxg5 Ne8 {
[%csl Yc4][%cal Ye8d6]} 23. Bg4 Qe7 (23... Qc6 $2 24. Bc5 Nd6 25. g6 $1 $40))
21. g5 hxg5 22. hxg5 Nh7 (22... Ne8 23. Bg4 Qe7 24. Kg2 $40 {[%csl Rg8][%cal
Gd1h1]}) 23. Bg4 Qe7 24. g6 $1 Nhf8 (24... fxg6 $2 25. Qc4+ $18 {[%csl Rc7]})
25. gxf7+ $2 {This spoiles most of white's advantage.} ({Very strong was:} 25.
Qb5 $1 b6 (25... Nf6 26. gxf7+ (26. Bc5 Qe8) 26... Qxf7 27. Bf3 $16 {[%csl Rb7,
Re5]}) 26. Qc6 Nf6 27. gxf7+ Qxf7 28. Bf5 $16 {[%csl Gc6]}) 25... Qxf7 {
[%cal Gd7f6,Gf8e6]} 26. Qf3 {White hopes to make use of his BB in the endgame.}
Qxf3 27. Bxf3 Nf6 28. Bg2 {[%csl Ye4][%cal Yg2f1,Yf1c4,Gf2f4,Yf2f3]} Ne6 {
It is important for black to prevent f2-f4 breakthrough, which otherwise would
strongly increase the strength of white's BB.} 29. f3 Kf7 30. Bf1 Ke7 31. Bc4
a6 {The position remains semi-closed and black has not much to worry about.}
32. Kf2 Rxd1 33. Rxd1 Rh8 34. Kg2 Nh5 $11 {[%csl Gf4]} 35. Bxe6 {White has to
change one of his good bishops, otherwise black's N will comfortably settle on
the f4 square.} Kxe6 36. a4 g5 {There were an alternatives, of course, but I
wanted to secure f4 stronghold.} 37. c4 Nf4+ 38. Kg3 Nh5+ $1 {The quickest way
to a draw.} 39. Kg4 Nf6+ 40. Kxg5 (40. Kg3 Nh5+ {repeating the position.})
40... Rh5+ 41. Kg6 Rh3 42. Rf1 Nxe4 43. fxe4 Rxe3 44. Rf6+ Ke7 (44... Kd7 $2
45. Kf5 {[%csl Re5,Gf5]}) 45. Rf7+ Ke6 46. Rf6+ (46. Rxc7 Rxe4 {is also draw.})
46... Ke7 47. Rf7+ Ke6 48. Rf6+ 1/2-1/2

[Event "Rohde op 10th"]
[Site "Sautron"]
[Date "2010.10.27"]
[Round "6"]
[White "Haub, Thorsten Michael"]
[Black "Maiorov, Nikita"]
[Result "1-0"]
[WhiteElo "2498"]
[BlackElo "2546"]
[Annotator "Primel,D"]
[PlyCount "95"]
[EventDate "2010.10.23"]
[EventType "swiss"]
[EventRounds "9"]
[EventCountry "FRA"]
[SourceTitle "EXT 2012"]
[Source "ChessBase"]
[SourceDate "2011.11.24"]
[SourceVersion "1"]
[SourceVersionDate "2011.11.24"]
[SourceQuality "1"]

1. g3 d5 {01h30+30s} 2. Bg2 c6 3. d3 Nf6 4. Nf3 Bg4 5. O-O Nbd7 6. Qe1 {
[%cal Ge2e4]} (6. Nbd2 {La grande ligne}) 6... e5 7. e4 dxe4 8. dxe4 Bc5 (8...
Be7 $5 {[%cal Gd7c5] L'alternative qui est moins ambitieuse mais qui permet de
laisser disponible la case "c5" pour le Nd7}) 9. Nbd2 O-O 10. Nc4 Re8 11. Ne3
Bh5 {01h32} 12. Nf5 $14 {[%csl Gf5]} Qc7 13. a4 $146 ({RR} 13. h3 Bg6 14. N3h4
Rad8 15. Bg5 h6 16. Bd2 Bh7 17. Rd1 Bf8 18. Ba5 b6 19. Bc3 Nc5 20. Rxd8 Rxd8
21. f4 Nfd7 22. b3 Ne6 23. Qe2 Bxf5 24. Nxf5 Kh7 25. Qg4 c5 26. Ne3 Nd4 27. Nd5
Qd6 {Siebrecht,S (2481)-Ris,R (2381)/Netherlands 2007/EXT 2008/1-0 (42)}) 13...
Bf8 14. N3h4 Nc5 $132 15. f3 {[%csl Rg2]} Nfd7 {01h22} 16. Kh1 f6 {[%cal Gh5f7]
Comme souvent les Noirs ont égalisé facilement dans cette ouverture Reti mais
l'allemand est redoutable dans ce genre de position plate où il aime
manoeuvrer.} 17. Ne3 $1 {[%cal Gf1f2,Gg2f1,Gf1c4] Début d'une belle manoeuvre
pour échanger le mauvais B} Bf7 18. Rf2 Ne6 19. Bf1 Nd4 20. Bc4 Nc5 $1 {01h15}
21. b3 (21. Bxf7+ {Semblait plus simple car si la poussée b3 protège bien la
case "c4", elle a le défaut de rigidifier la structure а l'aile-dame et les
Noirs ne peuvent notamment plus chasser le Nd4 par c3}) (21. c3 $2 Bxc4 22.
Nxc4 Ndb3) 21... Bxc4 22. Nxc4 {[%csl Gc1,Rf8]} Qf7 23. Ne3 Rad8 {01h10} 24.
Ba3 Rd7 25. Qc3 $1 Na6 $2 {Les deux N noirs étaient trés forts sur les cases
centrales "c5 "et "d4" et il vallait mieux essayer de les y laisser.} (25... b6
$142 $15 {[%csl Gc5,Gd4][%cal Gf8c5]}) 26. Bxf8 Qxf8 {01h04} 27. Qc4+ Ne6 {50""
} (27... Qf7 $142 28. Kg2 Red8 29. Rd2 {[%cal Ga1d1]} g5 30. Nhf5 Nxf5 31.
Qxf7+ Kxf7 32. Rxd7+ Rxd7 33. Nxf5 Rd2+) 28. Rd1 Rd4 {44""} 29. Rxd4 exd4 30.
Nd1 $1 (30. Nef5 $143 Qc5 $132) 30... Qc5 31. Nb2 {[%cal Gb2c4]} Qxc4 32. Nxc4
d3 $1 {[%csl Rb3][%cal Ge6d4] Un beau sacrifice de "dégagement " pour le N et
qui affaiblit le P"b3"} 33. cxd3 Rd8 {17""} 34. e5 (34. Na5 $5 {[%csl Rb7,Rc6]}
) 34... Nd4 35. f4 Nc5 {[%cal Gc5b3,Gc5d3]} (35... Nxb3 36. Nd6 {[%cal Gd6b7]}
Nac5 {[%cal Gc5b7]} 37. Rb2 Rd7 $44) 36. Nd6 Ndxb3 37. Rc2 fxe5 38. fxe5 Rd7 (
38... Nxd3 $142 {[%csl Re5]} 39. Nxb7 Rb8 40. Nd6 Nxe5 $15 {[%csl Gc6,Ge5]
[%cal Ge5c6]}) 39. Rc3 b6 40. Nf3 Na5 41. d4 Nxa4 42. Re3 $1 {[%cal Ge5e8]} Kf8
$4 (42... b5 43. e6 Re7 44. Nf5 Re8 45. e7 {[%cal Gf5d6]} Nc4 46. Re6 Nab6 (
46... Kf7 47. Ng5+) 47. Ne5 {[%csl Gf7][%cal Gf5d6]} g6 $13) 43. Ng5 h6 44.
Rf3+ Kg8 45. e6 Re7 46. Rf7 Rxf7 47. exf7+ Kf8 48. Nh7+ 1-0

[Event "FRA-chT Top 12"]
[Site "Drancy"]
[Date "2016.05.28"]
[Round "1.1"]
[White "Maze, Sebastien"]
[Black "Pelletier, Yannick"]
[Result "1-0"]
[WhiteElo "2614"]
[BlackElo "2558"]
[Annotator "RR"]
[PlyCount "147"]
[EventDate "2016.05.28"]
[EventType "team-tourn"]
[EventRounds "11"]
[EventCountry "FRA"]
[SourceTitle "CBM 172 Extra"]
[Source "ChessBase"]
[SourceDate "2016.06.21"]
[SourceVersion "1"]
[SourceVersionDate "2016.06.21"]
[SourceQuality "1"]
[WhiteTeam "Bois Colombes"]
[BlackTeam "Bischwiller"]
[WhiteTeamCountry "FRA"]
[BlackTeamCountry "FRA"]
[TimeControl "40/5400+30:1800+30"]

1. Nf3 {[%emt 0:00:00][%mdl 512] La partie a obtenu le prix carrefour de la
première ronde} Nf6 {[%emt 0:00:00]} 2. g3 {[%emt 0:00:00]} d5 {[%emt 0:00:28]
} 3. Bg2 {[%emt 0:00:00]} c6 {[%emt 0:00:19]} 4. O-O {[%emt 0:00:00]} Bg4 {
[%emt 0:00:37]} 5. d3 {[%emt 0:00:01]} Nbd7 {[%emt 0:00:05]} 6. h3 {[%emt 0:00:
06]} Bh5 {[%emt 0:00:47]} 7. Qe1 {[%emt 0:00:07]} e5 {[%emt 0:02:03]} 8. e4 {
[%emt 0:00:42]} dxe4 {[%emt 0:00:29]} 9. dxe4 {[%emt 0:00:04]} Be7 {[%emt 0:02:
58]} 10. Nbd2 {[%emt 0:00:42]} O-O {[%emt 0:00:57]} 11. Nc4 {[%emt 0:01:13]}
Qc7 {[%emt 0:01:06]} 12. Nh4 {[%emt 0:00:14]} Rfe8 {[%emt 0:04:46]} 13. a4 {
[%emt 0:01:33]} Bf8 {[%emt 0:03:58]} (13... Nc5 14. Nf5 Bf8 15. f4 Nfd7 16. g4
Bg6 17. Nxg7 Bxg7 18. f5 Ne6 19. Be3 Nf4 20. Qf2 b5 21. Nd2 a6 22. Rad1 Rad8
23. axb5 axb5 24. Nf3 c5 25. fxg6 hxg6 26. Kh1 c4 27. Nxe5 Bxe5 28. Bxf4 Bxf4
29. Qxf4 Ne5 30. Rd5 b4 31. Rfd1 Ra8 32. Qf6 b3 33. cxb3 cxb3 34. Bf1 Qc2 35.
R1d2 Qxe4+ 36. Bg2 Qe1+ 37. Kh2 Rac8 38. R5d4 Rc2 39. Qf4 Rec8 40. Be4 Rxd2+
41. Rxd2 Rc4 42. Rd8+ Kh7 43. Qf6 {Fressinet,L (2700)-Movsesian,S (2653)
Huaian 2016 1/2-1/2}) 14. Bg5 {[%emt 0:10:31]} h6 {[%emt 0:09:28]} 15. Bd2 {
[%emt 0:02:28]} Nc5 {[%emt 0:20:31]} 16. b4 $146 {[%emt 0:13:46]} (16. b3 {
Haub,T (2450)-Jackelen,T (2435) BL2-West 0809 2008 (7.5) 1/2}) 16... Ne6 {
[%emt 0:05:20][%cal Ge6d4]} 17. c3 {[%emt 0:00:11]} Rad8 {[%emt 0:02:02]} 18.
a5 {[%emt 0:23:25] Les Blancs ont un petit avantage d'espace mais la position
Noire est solide} (18. Nf5) 18... b5 $6 {[%emt 0:10:38] Créant des faiblesses
à l'aile-dame} 19. axb6 $1 {[%emt 0:00:35]} (19. Ne3 $143 {[%cal Ge3f5]})
19... axb6 {[%emt 0:00:09]} 20. Be3 $1 {[%emt 0:02:58]} c5 {[%emt 0:00:10]} 21.
b5 $1 $14 {[%emt 0:04:53][%csl Rb6,Gc4,Gc6]} Nd4 $1 {[%emt 0:03:22] La pointe}
22. g4 {[%emt 0:00:30]} (22. cxd4 cxd4 {[%csl Rc4,Re3][%cal Gc7c4]}) 22... Nc2
{[%emt 0:05:10]} 23. Qe2 {[%emt 0:00:16]} Nxa1 {[%emt 0:00:09]} 24. Rxa1 {
[%emt 0:00:03]} Bg6 {[%emt 0:00:23]} 25. Nxg6 {[%emt 0:02:23]} (25. Nf5 $5)
25... fxg6 {[%emt 0:00:03]} 26. Ra6 $16 {[%emt 0:00:12][%csl Rb6]} Rb8 {
[%emt 0:04:20]} 27. Qa2 {[%emt 0:06:21]} Kh7 {[%emt 0:00:04]} 28. f3 {[%emt 0:
01:06]} Rb7 {[%emt 0:05:53]} 29. Bf1 $1 {[%emt 0:01:03][%cal Ge3f2,Gc4e3,Gf1c4,
Ge3d5] Activant la seule pièce Blanche qui restait hors-jeu} Nd7 {[%emt 0:00:
23]} 30. Bf2 {[%emt 0:00:44]} Be7 {[%emt 0:01:10]} 31. Ne3 {[%emt 0:00:36]} Bg5
{[%emt 0:00:52]} 32. Nd5 {[%emt 0:00:55]} (32. Bc4 Bxe3 33. Bxe3 {[%cal Gc4d5]}
g5 {[%cal Gd7f8,Gf8g6,Gg6f4]}) 32... Qd6 {[%emt 0:01:03]} 33. Bc4 {[%emt 0:03:
38]} Rf8 {[%emt 0:01:07]} 34. Kg2 {[%emt 0:00:23]} Nb8 {[%emt 0:01:14]} 35. Ra3
{[%emt 0:05:05]} Rbf7 {[%emt 0:03:49]} 36. Be2 {[%emt 0:00:05]} Nd7 {[%emt 0:
00:45]} 37. Ra7 {[%emt 0:04:45]} Bd8 {[%emt 0:01:23]} 38. Ne3 {[%emt 0:05:58]}
Bg5 {[%emt 0:03:45]} 39. Nd5 {[%emt 0:00:47] Une répétition de coups pour
passer le contrôle de temps} Bd8 {[%emt 0:00:08]} 40. Bg3 {[%emt 0:03:59]} Qe6
{[%emt 0:04:58]} 41. Ne3 $1 {[%emt 0:31:30][%csl Rf7,Rf8] Après une longue
réflexion, les Blancs choisissent d'échanger les Q malgré la qualite de
moins car les R Noires sont assez mal placées} Qxa2 {[%emt 0:10:45]} 42. Rxa2
{[%emt 0:00:00]} Bg5 {[%emt 0:00:03]} 43. Nd5 {[%emt 0:00:00]} Bf4 {[%emt 0:02:
56]} 44. Bh4 {[%emt 0:00:00]} g5 {[%emt 0:02:01]} 45. Bf2 {[%emt 0:00:00]} Bc1
{[%emt 0:02:33]} 46. Be1 {[%emt 0:00:00]} Rd8 {[%emt 0:06:37]} 47. Ra7 {
[%emt 0:00:00]} Rf6 $5 {[%emt 0:00:12]} (47... Rff8 $13) 48. Nxf6+ {[%emt 0:00:
00]} Nxf6 {[%emt 0:00:02]} 49. Rb7 {[%emt 0:00:00]} Bd2 {[%emt 0:03:58]} 50.
Kf1 {[%emt 0:00:00] Le coup naturel joué à tempo mais les Noirs ont une
forte réponse} Nxe4 $1 {[%emt 0:00:41][%csl Re1][%cal Gd8f8]} 51. fxe4 {
[%emt 0:00:00]} Rf8+ {[%emt 0:00:06]} 52. Bf2 {[%emt 0:00:00]} Be3 {[%emt 0:00:
21]} 53. Rxb6 {[%emt 0:00:00]} Bxf2 {[%emt 0:04:28]} 54. Bc4 {[%emt 0:00:17]}
Bd4+ {[%emt 0:00:19]} 55. Ke2 {[%emt 0:00:04]} Bxc3 {[%emt 0:00:24]} 56. Be6 $1
{[%emt 0:00:39][%cal Ge6f5]} c4 {[%emt 0:02:07]} 57. Bf5+ {[%emt 0:07:18]} Kg8
{[%emt 0:00:02]} 58. Rc6 {[%emt 0:00:15]} Bd4 {[%emt 0:00:17]} 59. Be6+ {
[%emt 0:01:55]} Kh7 {[%emt 0:00:46]} 60. Bxc4 {[%emt 0:00:07][%csl Gb5] Les
Blancs ont gagné un P passé très fort mais il y a toujours le risque
d'écahnger les R pour transposer en finale de B de couleurs opposées} Rf2+ {
[%emt 0:00:23]} 61. Kd3 {[%emt 0:00:04]} Rh2 {[%emt 0:03:44]} (61... Rf1 62.
Be6 Rb1 63. Kc4 Rc1+ {La R a une meilleure distance de sécurité alors que le
P"h3" ne vaut pas grand-chose} 64. Kb4 Rb1+ 65. Bb3 $1 $18) 62. Bf7 $1 {
[%emt 0:01:31][%cal Gf7g6,Gc6c8] Menace mat en 2!} Rxh3+ {[%emt 0:00:03]
Regagne le P mais après Kc4, la Rh3 est mal placée pour contrôler la
poussée du P"b"} 63. Kc4 {[%emt 0:00:02]} g6 $8 {[%emt 0:00:36]} 64. Bxg6+ {
[%emt 0:00:49]} Kg7 {[%emt 0:00:02]} 65. Bf5 {[%emt 0:00:51]} h5 $6 {[%emt 0:
01:27] l'échange risque de mettre la R hors-jeu} 66. gxh5 {[%emt 0:01:50]}
Rxh5 {[%emt 0:00:02][%csl Rh5]} 67. b6 {[%emt 0:00:19]} Rh1 {[%emt 0:00:40]}
68. b7 {[%emt 0:00:36]} Rb1 {[%emt 0:00:16]} 69. Rc7+ {[%emt 0:00:06]} Kf6 {
[%emt 0:00:05]} 70. Kd5 $18 {[%emt 0:00:26]} Rb4 {[%emt 0:01:34]} 71. Kc6 {
[%emt 0:00:45]} Rb6+ {[%emt 0:00:30]} 72. Kd7 {[%emt 0:00:06]} Rb4 {[%emt 0:00:
11]} 73. Rc6+ {[%emt 0:02:00]} Kf7 {[%emt 0:00:48]} 74. Be6+ {[%emt 0:00:51]}
1-0